| 000 | 00508nam a22001937a 4500 | ||
|---|---|---|---|
| 005 | 20190810111159.0 | ||
| 008 | 190810b xxu||||| |||| 00| 0 eng d | ||
| 020 |
_a9789350725429 _cRs. 200.00 |
||
| 040 | _aLoreto College | ||
| 041 | _aHindi | ||
| 082 |
_a891.432 _bKHA |
||
| 100 | _aKhan, Javed Akhtar | ||
| 245 |
_aHindi rangmanch ki lokdhara _cJaved Aktar Khan |
||
| 260 |
_aNew Delhi _bVani Prakashan _c2013 |
||
| 300 |
_a112 p. _b24 cm. |
||
| 650 | _aHindi Drama | ||
| 850 | _aLCLIB | ||
| 942 | _cBK | ||
| 999 |
_c42338 _d92817 |
||